Les monnaies (encore en circulation) les plus anciennes au monde - Statistiques

Statistiques générales
  • Ce quiz a été pris 30 fois
  • Le résultat moyen est 6 sur 20
Statistiques - réponses
Année de début d'émission Monnaie % Correct
1871 Yen
93%
775 Livre sterling
72%
1850 Franc suisse
62%
1873 Couronne suédoise
52%
1792 Dollar américain
52%
1875 Couronne norvégienne
45%
1858 Dollar canadien
38%
1704 Rouble russe
38%
1902 Baht
28%
1863 Peso mexicain
28%
1924 Zloty
24%
1540 Roupie indienne
21%
1844 Lire turque
14%
1214 Dinar serbe
7%
1834 Livre égyptienne
7%
1810 Peso colombien
7%
1925 Riyal saoudien
7%
1863 Dollar hongkongais
3%
1852 Peso philippin
3%
1872 Roupie srilankaise
0%
Aucun quiz correspondant
Distribution des résultats
% des personnes avec chaque résultat
Percentile par nombre de réponses
Votre historique - résultats
Vous n’avez pas pris ce quiz